00878nam a2200229 4500999001700000005001700017008004100034017004200075020001500117040002300132082002200155100002900177245011800206250000900324260008600333300002400419650002600443650004400469651001000513942001200523952011300535 c65442d6544220240530110825.0190805s2004 ua g 000 0 ara d a2004/19592bمصر. دار الكتب a9773990001 aEG-CaGPLcEG-CaGPL04221a243/bأ ش0 aاحمد عمر هاشم12aالشفاعة فى ضوء الكتاب والسنة والرد على منكريها /cاحمد عمر هاشم aط.1 aالقاهرة : bاطلس للنشر والانتاج الاعلامى ،c2004 a79 ص. ؛c24 سم.072qrmakaالشفاعة072qrmakaالشفاعة فى القران 2qrmak 2ddccBK 00104070aCAIbCAIcMAIN-LIBRARYd2019-08-05l0o243/ أ شp166309r2019-08-05 00:00:00w2019-08-05yBK